LIBRARY & INFORMATION CENTRE, KCAET, TAVANUR

ONLINE PUBLIC ACCESS CATALOGUE (OPAC)

Mining Engineer`s Hand book / (Record no. 3092)

MARC details
000 -LEADER
fixed length control field 00506cam a2200205ua 4500
041 ## - LANGUAGE CODE
Language code of text/sound track or separate title eng
082 ## - DEWEY DECIMAL CLASSIFICATION NUMBER
Classification number 028.71622
Item number PEE/MI
100 ## - MAIN ENTRY--AUTHOR NAME
Personal name Peele , Robert .
245 ## - TITLE STATEMENT
Title Mining Engineer`s Hand book /
250 ## - EDITION STATEMENT
Edition statement 3 /
260 ## - PUBLICATION, DISTRIBUTION, ETC. (IMPRINT)
Place of publication New Delhi :
Name of publisher Weley Eastern Pvt Ltd ,
Year of publication 1967.
300 ## - PHYSICAL DESCRIPTION
Number of Pages 1250 ; .
700 1# - ADDED ENTRY--PERSONAL NAME
Personal name church, Johna .
700 1# - ADDED ENTRY--PERSONAL NAME
Personal name Church, Johna .
942 ## - ADDED ENTRY ELEMENTS (KOHA)
Koha item type Books
Holdings
Withdrawn status Lost status Damaged status Home library Current library Date acquired Full call number Accession Number Koha item type
      KAUAET KAUAET 07/04/2012 028.71622 12183 Reference
free website counter